| 000 | 01143nam a22003257a 4500 | ||
|---|---|---|---|
| 003 | CHAP | ||
| 005 | 20220329143125.0 | ||
| 008 | 060526d2005 mx r 00110 spa d | ||
| 010 | _a92280 | ||
| 011 | _a93252 | ||
| 035 | _a103824 | ||
| 040 | _cCHAP | ||
| 082 | 0 | 4 |
_a972 _bL64 2005 |
| 100 | 0 | 0 |
_aLópez Bárcenas, Francisco J. _967715 |
| 245 | 1 | 0 |
_aLegislación y derechos indígenas en México _c/por Francisco López Bárcenas |
| 250 | _a2 ed. (corr. y act.) | ||
| 260 |
_aMexico, D. F. : _bCentro de Estudios para el Desarrollo Rural Sustentable y la Soberanía Alimentaria, _c2005 |
||
| 300 | _a493 p. | ||
| 590 |
_aBATCH-UPD _b10 _c20130110 _lUCH01 _h1332 |
||
| 590 |
_aBATCH-UPD _b10 _c20130410 _lUCH01 _h0836 |
||
| 590 |
_aBATCH-UPD _b10 _c20130914 _lUCH01 _h1143 |
||
| 590 |
_aCONVERSION _b10 _c20130109 _lUCH01 _h1351 |
||
| 650 | 1 | 4 |
_aDerecho constitucional _xMéxico. _931886 |
| 650 | 1 | 4 |
_aDerechos humanos _xMéxico. _931923 |
| 650 | 1 | 4 |
_aIndios de México _xLeyes. _957632 |
| 901 | _aBK | ||
| 905 | _aMarco a. Mendoza T. | ||
| 942 | _cLIBRO | ||
| 949 |
_a972 L64 2005 _bBC _cLIBRO _d33724000990834 _eLIBRO _gDonaciØn _h108032 _i103824 _sb |
||
| 999 |
_c92280 _d92280 |
||